LEADER 02319oas 2200685 a 450 001 9910690174503321 005 20250921213016.0 035 $a(OCoLC)62293698 035 $a(CONSER) 2005230095 035 $a(CKB)5470000002335525 035 $a(EXLCZ)995470000002335525 100 $a20051117b19871999 sa 101 0 $aeng 135 $aurmn||||||||| 181 $ctxt$2rdacontent 182 $cc$2rdamedia 183 $acr$2rdacarrier 200 10$aAmerican woodcock harvest and breeding population status 210 $aLaurel, MD $cDept. of the Interior, U.S. Fish & Wildlife Service$d-[1999] 215 $a1 online resource (volumes) 300 $aIn scope of the U.S. Government Publishing Office Cataloging and Indexing Program (C&I) and Federal Depository Library Program (FDLP). 517 3 $aHarvest and breeding population status 606 $aWoodcock, American$zUnited States$vPeriodicals 606 $aBird populations$zUnited States$vPeriodicals 606 $aUpland game bird management$zUnited States$vPeriodicals 606 $aWoodcock shooting$zUnited States$vStatistics$vPeriodicals 606 $aBird populations$2fast$3(OCoLC)fst00832929 606 $aUpland game bird management$2fast$3(OCoLC)fst01162100 606 $aWoodcock, American$2fast$3(OCoLC)fst01179669 606 $aWoodcock shooting$2fast$3(OCoLC)fst01179668 607 $aUnited States$2fast$1https://id.oclc.org/worldcat/entity/E39PBJtxgQXMWqmjMjjwXRHgrq 608 $aStatistics.$2fast 608 $aStatistics.$2lcgft 615 0$aWoodcock, American 615 0$aBird populations 615 0$aUpland game bird management 615 0$aWoodcock shooting 615 7$aBird populations. 615 7$aUpland game bird management. 615 7$aWoodcock, American. 615 7$aWoodcock shooting. 712 02$aU.S. Fish and Wildlife Service. 801 0$bGPO 801 1$bGPO 801 2$bGPO 801 2$bNSD 801 2$bOCLCQ 801 2$bOCLCF 801 2$bOCLCO 801 2$bOCLCQ 801 2$bGILDS 801 2$bOCLCO 801 2$bOCLCQ 801 2$bOCLCL 801 2$bGPO 801 2$bOCLCL 906 $aDOCUMENT 912 $a9910690174503321 996 $aAmerican woodcock harvest and breeding population status$93428736 997 $aUNINA